01780 a2200181 45000010006000000050017000060080041000230030015000640400040000790800104001192450053002232640027002763000024003035051223003270410008015501000017015587000023015754204320260407155711.0260407a1980 arg spa dAR-UNSa-BCEJYS aAR-UNSa-BCEJYSbspacAR-UNSa-BCEJYS a330.1xCiencia económica. Conceptos fundamentales de teoría económica. Valor. Capital. Fondos10aTeoría económica y análisis de operaciones 1aMadrid :bDossatc1980 axxi, 701 p.c23 cm. a1. Optimización y un ejemplo de análisis de inventarios - 2. Algo de matemáticas elementales - 3. Análisis marginal - 4. Maximalización, minimización y cálculo diferencial elemental - 5. Programación lineal - 6. Dualidad - 7. Programación no lineal - 8. Métodos Kuhn-Tucker - 9. Curvas de demanda, superficies de utilidad y mapas de indiferencia - 10. Sobre la determinación empírica de las relaciones de demanda - 11. La producción y el costo - 12. Programación lineal y la teoría de la producción - 13. Estática comparativa y optimización: consumidores y empresas - 14. Hacia lo observable: preferencia revelada y las funciones de gasto y de costo - 15. La empresa y sus objetivos - 16. Estructura del mercado, fijación de precios y producción - 17. Teoría de la utilidad de Neumann-Morgenstern - 18. Teoría de juegos - 19. Teoría de decisiones - 20. Equilibrio general y la teoría del dinero - 21. Equilibrio general y economía del bienestar - 22. Análisis de insumo-producto - 23. Análisis de actividad y equilibrio general - 24. Teoría de la distribución - 25. El capital y las decisiones de inversión - 26. El capital y la teoría de la distribución aspa1 aRoa, Alfredo1 aBaumol, William J.